000
00301nam a22001337a 4500
008
190206b xxu||||| |||| 00| 0 eng d
020
_a
9780030008979
041
_a
eng
080
_2
2nd
_a
510
100
_a
38
101
_a
MAT
245
_a
The Mathematical Palette
_c
Staszkowz,R
942
_2
udc
_c
BK
999
_c
54090
_d
54090